| 000 | 00324nam a22001217a 4500 | ||
|---|---|---|---|
| 082 |
_a355.544 _bDEP |
||
| 245 | _aArmy training and evaluation program | ||
| 260 |
_aWashington DC _bHQ Department of the army _c1981 |
||
| 300 | _avarious | ||
| 526 |
_a0 _b0 _c0 _d355_544000000000000_DEP |
||
| 650 |
_aMCE _9379 |
||
| 942 |
_2ddc _cBK |
||
| 999 |
_c551709 _d551709 |
||